Céhek, mesterségek múzeuma
Elmentve itt :
| Szerző: | |
|---|---|
| Adatforrás: | Meister |
| Forrásdokumentuma: | Művelődés. - 10 sz., 1995, 27-28 p. |
| Nyelv: | magyar |
| Kulcsszavak: | intézménytörténet múzeumok kulturális intézmények Kézdivásárhely Kézdivásárhelyi Múzeum Székely Nemzeti Múzeum (Sepsiszentgyörgy) |
| LEADER | 00541nab a2200181 i 4500 | ||
|---|---|---|---|
| 001 | bibPRO00001121 | ||
| 008 | 060524s1995 xx hun | ||
| 040 | |a Sz1 | ||
| 041 | |a hun | ||
| 100 | 1 | |a SZEKERES Attila | |
| 245 | 1 | 0 | |a Céhek, mesterségek múzeuma |c SZEKERES Attila |
| 695 | |a intézménytörténet | ||
| 695 | |a múzeumok | ||
| 695 | |a kulturális intézmények | ||
| 695 | |a Kézdivásárhely | ||
| 695 | |a Kézdivásárhelyi Múzeum | ||
| 695 | |a Székely Nemzeti Múzeum (Sepsiszentgyörgy) | ||
| 773 | 0 | |t Művelődés. - |g 10 sz., 1995, 27-28 p. | |